000 005860000a22001930004500
001 768714001
003 CO-MdFUSB
005 20170613083647.0
008 170613s2005 cr ||||| |||| 00| 0 spa d
022 _a1409-1968
040 _aCO-MdFUSB
_bspa
_cCO-MdFUSB
_dCO-MdFUSB
041 _aspa
100 1 _aNavarro de Segura, Marilú
_eautor
245 1 0 _aLíder para servir
300 _aVolumen 22. Número 2 (2005), Página 4
_c 27 cm.
546 _aTexto en español
773 0 _tApuntes Pastorales
_049442
_960139
_gVolumen 22. Número 2 (2005), Página 4
_qPágina 4
942 _cANA
999 _c60935
_d60935